| 000 | 01263nam a22001457a 4500 | ||
|---|---|---|---|
| 082 |
_a894.812.3 _bSRE/K |
||
| 100 | _aSREEKANTH,ASWATHI | ||
| 245 | _aKAALI | ||
| 246 |
_aKAALI _bKAALI |
||
| 260 |
_aKOTTAYAM,INDIA _bD C BOOKS |
||
| 300 | _a128 | ||
| 520 | _aകണ്ടുമറന്നതോ, പറഞ്ഞുപിരിഞ്ഞതോ ആയ പെൺജീവിതങ്ങളെക്കുറിച്ചുള്ള എഴുത്തുകൾ, അഥവാ ഉള്ളിൽ ഇപ്പോഴും തോർന്നിട്ടില്ലാത്ത സ്വപ്നസന്നിഭമായ മഴപ്പെയ്ത്തുകൾ. സകല പെൺഭാവങ്ങളെയും ഉൾക്കൊള്ളുന്ന ഒമ്പത് കഥകൾ.വായനക്കാർ ഹൃദയത്തിലേറ്റിയ ’ഠാ’ യില്ലാത്ത മുട്ടായികൾ, മഴയുറുമ്പുകളുടെ രാജ്യം തുടങ്ങിയ കൃതികളിലൂടെ ശ്രദ്ധേയയായ അശ്വതി ശ്രീകാന്തിന്റെ ഏറ്റവും പുതിയ പുസ്തകം. | ||
| 650 | _aMALAYALAM SHORT STORY | ||
| 942 | _cBK | ||
| 999 |
_c8677 _d8677 |
||